000 01377nam a2200217Ia 4500
003 Ost
005 20260507075758.0
008 260507s9999||||xx |||||||||||||| ||und||
020 _a9789969537765
040 _cfsecg
041 _aara
082 _a350.722
100 _aبويباون، مسعود
_eمؤلف
245 0 _aدراسة وتحليل الميزانية باستعمال المؤشرات والنسب المالية :
_bمرفق بتمارين محلولة /
_c مسعود بويباون
260 _aالجزائر :
_bدار إيلياء للنشر والتوزيع,
_c2024
300 _a162 صفحة؛
_bإيضاحات ؛
_c24 سم
504 _aالمراجع ص.155-162
520 _aدراسة و تحليل الميزانية مفهوم الميزانية و مضمونها الانتقال من الميزانية المحاسبية الى الميزانية المالية ايضا الميزانية المالية و الميزانية المالية المختصرة ، المؤشرات المالية تحتوي تقييم الاداء المالي تحليل الميزانية باستخدام المؤشرات المالية ، النسب المالية الاطار النظري للنسب المالية و تحليل الميزانية باستخدام النسب المالية .
653 _aالميزانية
942 _cكتاب
999 _c46254
_d46254